Sports Quiz

Random Sports or Golf Quiz

Ryder Cup Team Members (2014) Quiz Stats

 Plays Quiz Updated Sep 29, 2014

Also try: Ryder Cup (U.S.)
Challenge
Share
Tweet
Embed
Score 0/24 Timer 05:00
0 Plays Today
Hint Answer % Correct
EuropeRory McIlroy
86.5%
United StatesPhil Mickelson
85.7%
EuropeSergio Garcia
74.9%
United StatesBubba Watson
72.9%
United StatesJordan Spieth
68.5%
United StatesRickie Fowler
65.7%
EuropeIan Poulter
65.3%
EuropeJustin Rose
64.3%
EuropeLee Westwood
63.2%
United StatesZach Johnson
62.6%
EuropeGraeme McDowell
60%
United StatesJim Furyk
59.2%
Hint Answer % Correct
EuropeHenrik Stenson
56.4%
EuropeMartin Kaymer
56.3%
United StatesPatrick Reed
54.8%
United StatesKeegan Bradley
47.3%
EuropeJamie Donaldson
43.8%
United StatesHunter Mahan
43.3%
United StatesMatt Kuchar
40.4%
United StatesWebb Simpson
38.8%
EuropeVictor Dubuisson
38.4%
United StatesJimmy Walker
34.8%
EuropeStephen Gallacher
34.6%
EuropeThomas Bjorn
33.5%

You're not logged in!

Compare scores with friends on all Sporcle quizzes.
Join for Free
OR
Log In

You Might Also Like...

Show Comments

Extras

Top Quizzes Today


Score Distribution

Your Account Isn't Verified!

In order to create a playlist on Sporcle, you need to verify the email address you used during registration. Go to your Sporcle Settings to finish the process.

Report this User

Report this user for behavior that violates our Community Guidelines.

Details: